01265nam a22002057a 4500008004100000020001800041050001500059100002300074240005500097245016000152260003500312300001800347500010800365504004200473505042100515650002600936650002300962700004200985700003201027190521b ||||| |||| 00| 0 spa d a9788498921960 4aCB19bS6181 aSpier, Fredeautor10aBig history and the future of humanity.lEspañol13aEl Lugar del hombre en el cosmosb: la gran historia y el futuro de la humanidadc/ Fred Spier; traducción de Tomás Fernández Aúz y Beatriz Eguibar3 aBarcelonab: Críticac, 2011 a552 páginas aIncluye apéndice (pp.431-432) Incluye notas (pp. 433-491) Incluye índice analítico (pp. 529-545) aIncluye bibliografía (pp. 493-527) 1 aIntroducción a la gran historia Enfoque general La evolución cósmica. La aparición de formas simples de complejidad Nuestro vecindario cósmico. El surgimiento de la gran complejidad La vida en la tierra. La complejidad aumenta su radio de acción La historia humana primitiva. el surgimiento de la máxima complejidad conocida hasta la fecha Para encarar el futuro Breve cronología de la gran historia14aHISTORIAxFILOSOFÍA24aEVOLUCIÓN HUMANA1 aFernández Aúz, Tomásetraductor1 aEguibar, Beatrizetraductor